|
|
|
|
| LEADER |
00815nab a2200229 i 4500 |
| 001 |
misc65846 |
| 005 |
20221026085947.0 |
| 008 |
220408s1954 hu o 0|| hun d |
| 040 |
|
|
|a SZTE Miscellanea Repozitórium
|b hun
|
| 041 |
|
|
|a hun
|
| 041 |
|
|
|a grc
|
| 100 |
1 |
|
|a Harmatta János
|
| 245 |
1 |
0 |
|a Egy finnugor nép az antik irodalmi hagyományban
|h [elektronikus dokumentum] /
|c Harmatta János
|
| 260 |
|
|
|c 1954
|
| 300 |
|
|
|a 341-351
|c 24 cm
|
| 490 |
0 |
|
|a A Magyar Tudományos Akadémia Nyelv- és Irodalomtudományi Osztályának Közleményei
|
| 561 |
|
|
|a Németh Gyula hagyaték
|
| 591 |
|
|
|a NOU 2214
|
| 650 |
|
4 |
|a Bölcsészettudományok
|
| 650 |
|
4 |
|a Nyelvek és irodalom
|
| 695 |
|
|
|a Finnugor népek története
|
| 856 |
4 |
0 |
|u http://misc.bibl.u-szeged.hu/65846/1/2214_nov_h33.pdf
|z Dokumentum-elérés
|